Normal view
MARC view
- التعليم العالي-الجامعات والكليات-الأردن
Entry Topical Term
001 - CONTROL NUMBER
- control field: 8066
003 - CONTROL NUMBER IDENTIFIER
- control field: JO-AjAnu
005 - DATE AND TIME OF LATEST TRANSACTION
- control field: 20230606071612.0
008 - FIXED-LENGTH DATA ELEMENTS
- fixed length control field: 230606|| aca||aabn | a|a d
040 ## - CATALOGING SOURCE
- Original cataloging agency: JO-AjAnu
- Transcribing agency: JO-AjAnu
150 ## - HEADING--TOPICAL TERM
- Topical term or geographic name entry element: التعليم العالي-الجامعات والكليات-الأردن
670 ## - SOURCE DATA FOUND
- Source citation: Work cat.: (JO-AjAnu)4166: القريوتي،محمد قاسم, author 8065, التعليم العالي في الأردن،الجامعات،الثقافة والمثقفون،الهم الوطني